Climate change, agricultura and rural livelihoods in developing countries

Uloženo v:
Podrobná bibliografie
Hlavní autoři: Maharjan, Keshav Lall (autor), Prakash, Niraj Joshi (Autor)
Médium: Kniha
Jazyk:angličtina
Vydáno: Tokio Springer 2013
Vydání:1a. ed
Témata:
Tagy: Přidat tag
Žádné tagy, Buďte první, kdo vytvoří štítek k tomuto záznamu!

MARC

LEADER 00000cam a2200000 a 4500
001 UCD5704
003 CL-VaPUC
008 160930e20130000ja |||||||||||||||||eng|d
020 |a 9784431543428 
082 0 4 |a 551.5253  |b MAH  |2 21 
100 |a Maharjan, Keshav Lall  |e autor  |9 589482 
700 0 |a Prakash, Niraj Joshi  |e author  |9 589483 
245 1 0 |a Climate change, agricultura and rural livelihoods in developing countries 
250 |a 1a. ed 
300 |a 180 p 
942 |c BK 
945 |d 20160930 08:06:00  |a dcastane 
260 |a Tokio  |b Springer  |c 2013 
650 0 |a Calentamiento global  |9 262148 
650 0 |a Cambio climático  |9 428490 
583 |a last modification  |c 20161025 01:09:29  |k Rodrigo Vera 
999 |c 366300  |d 366298 
952 |0 0  |1 0  |3 erd  |4 0  |6 551_525300000000000_MAH_2013  |7 0  |8 A  |9 480437  |a BIBING  |b BIBING  |i 5343763  |o 551.5253 MAH 2013  |p 5343763  |r 2025-01-20  |w 2019-11-24  |y BK  |z Catalogado en:20160930  |k GEO